| 000 | 00920nam a22002897a 4500 | ||
|---|---|---|---|
| 001 | BR2018001466 | ||
| 003 | BR-BrBNA | ||
| 005 | 20230928105310.0 | ||
| 007 | ta | ||
| 008 | 230509b bl.||||| |||| 00| 0 por d | ||
| 040 |
_aBR-BrBNA _bpor _cBiblioteca Nacional de Agricultura |
||
| 041 | _a(Por) | ||
| 072 |
_aM12 _b8134 |
||
| 090 | _ 8134 BR2018001466 | ||
| 100 | 1 | _aEspírito Santo, A.H. do | |
| 110 | 1 |
_aUniversidade Federal de Minas Gerais, Belo Horizonte (Brasil). Escola de Veterinária _0Tese (Mestre em Zootecnia) |
|
| 245 | 1 | _aInclusão de canela em dietas para tilápia nilótica (Oreochromis niloticus) | |
| 260 | 3 |
_aBelo Horizonte, MG (Brasil): _c2016. |
|
| 300 | _a41 p. | ||
| 500 | _aSummaries (Eng, Por); Several bibliography; 5 tables | ||
| 650 | _aTILÁPIA NILÓTICA | ||
| 650 | _aDIETA | ||
| 650 | _aCANELA | ||
| 650 | _aRAÇÃO | ||
| 909 |
_a202309 _bLucia _c55 _dLucia Elande |
||
| 942 | _cBK | ||
| 999 |
_c84548 _d84548 |
||